Misión la política en Colombia / (Registro nro. 5237)

Detalles MARC
000 -LEADER
fixed length control field 00823nam a2200253Ia 4500
003 - CONTROL NUMBER IDENTIFIER
control field OSt
005 - DATE AND TIME OF LATEST TRANSACTION
control field 20200421215226.0
008 - FIXED-LENGTH DATA ELEMENTS--GENERAL INFORMATION
fixed length control field 191128s2000 ck gr 000 0 spa d
020 ## - INTERNATIONAL STANDARD BOOK NUMBER
International Standard Book Number 9586521370
Qualifying information v.1
020 ## - INTERNATIONAL STANDARD BOOK NUMBER
International Standard Book Number 9586521389
Qualifying information v.2
040 ## - CATALOGING SOURCE
Original cataloging agency CO-JMCR
Transcribing agency CO-JMCR
041 0# - LANGUAGE CODE
Language code of text/sound track or separate title spa
082 04 - DEWEY DECIMAL CLASSIFICATION NUMBER
Classification number 323.6 /
Item number S684m
Edition number 23
100 1# - MAIN ENTRY--PERSONAL NAME
Personal name Solarte Lindo, Guillermo,
Relator term editor
9 (RLIN) 3351
245 10 - TITLE STATEMENT
Title Misión la política en Colombia /
Statement of responsibility, etc. editor Guillermo Solarte Lindo
260 ## - PUBLICATION, DISTRIBUTION, ETC.
Place of publication, distribution, etc. Bogotá :
Name of publisher, distributor, etc. ESAP,
Date of publication, distribution, etc. 2006
300 ## - PHYSICAL DESCRIPTION
Extent 2v. ;
Dimensions 24 cm.
505 ## - FORMATTED CONTENTS NOTE
Miscellaneous information v.1
Title Claves para pensar la ciudadanía
Miscellaneous information v.2
Title Claves para pensar la política
650 14 - SUBJECT ADDED ENTRY--TOPICAL TERM
Topical term or geographic name entry element Política y gobierno
9 (RLIN) 3352
650 14 - SUBJECT ADDED ENTRY--TOPICAL TERM
Topical term or geographic name entry element Formación ciudadana
9 (RLIN) 3353
650 14 - SUBJECT ADDED ENTRY--TOPICAL TERM
Topical term or geographic name entry element Valores sociales
9 (RLIN) 3354
650 14 - SUBJECT ADDED ENTRY--TOPICAL TERM
Topical term or geographic name entry element Medios de comunicación
General subdivision ciudadanía
9 (RLIN) 3355
942 ## - ADDED ENTRY ELEMENTS (KOHA)
Source of classification or shelving scheme Dewey Decimal Classification
Koha item type Books
Existencias
Withdrawn status Lost status Source of classification or shelving scheme Damaged status Not for loan Collection code Home library Current library Date acquired Source of acquisition Cost, normal purchase price Total Checkouts Full call number Barcode Date last seen Date last checked out Copy number Koha item type Price effective from
    Dewey Decimal Classification     Non-fiction Biblioteca Pública José María del Castillo y Rada Biblioteca Pública José María del Castillo y Rada 04/15/2018 Donación 0.00 1 323.6 / S684m 430001557 05/16/2024 04/15/2024 V.1 / Ej.1 Books  
    Dewey Decimal Classification     Non-fiction Biblioteca Pública José María del Castillo y Rada Biblioteca Pública José María del Castillo y Rada 04/15/2018 Donación 0.00   323.6 / S684m 430001558 05/16/2024   V.2 / Ej.1 Books 04/21/2020